00414nam a2200121Ia 4500008004100000020001800041100001900059245007800078260003900156650003800195650001400233856004500247171212s9999 xx 000 0 und d a9780874215595 aNarvaez, Peter cNarvaez, PeteraOf CorpsebDeath and Humor in Folkore and Popular Culture bUniversity Press of Coloradoc2003 aDeath -- Folklore; Death -- Humor aSociology uwww.jstor.org/stable/10.2307/j.ctt46nsgh